| 000 | 01135nam a2200349 i 4500 | ||
|---|---|---|---|
| 001 | 200464137 | ||
| 003 | TR-AnTOB | ||
| 005 | 20250326101709.0 | ||
| 007 | ta | ||
| 008 | 250326s1979 tu d 000 0 tur d | ||
| 035 | _a(TR-AnTOB)200464137 | ||
| 040 |
_aTR-AnTOB _beng _erda _cTR-AnTOB |
||
| 041 | 1 |
_atur _heng |
|
| 050 | 4 |
_aHF1411 _b.L48219 1979 |
|
| 090 |
_aHF1411 _b.L48219 1979 |
||
| 100 | 1 |
_aLevinson, Charles, _d1920- _eauthor _9148411 |
|
| 240 | 1 | 0 |
_aVodka-Cola. _lTurkish |
| 245 | 1 | 0 |
_aVokta-Cola / _cCharles Levinson ; çeviren Yaver Zeytinoğlu. |
| 250 | _aBirinci baskı. | ||
| 264 | 1 |
_aİstanbul : _bHürriyet Yayınları, _c1979. |
|
| 300 |
_a408 pages : _btables ; _c20 cm |
||
| 336 |
_atext _btxt _2rdacontent |
||
| 337 |
_aunmediated _bn _2rdamedia |
||
| 338 |
_avolume _bnc _2rdacarrier |
||
| 490 | 0 |
_aHürriyet Yayınları ; _v227. |
|
| 490 | 0 |
_aDanışma Dizisi ; _v24 |
|
| 650 | 7 |
_aDoğu-Batı ticareti _2etuturkob _9148412 |
|
| 651 | 7 |
_aKomünist ülkeler _xDış ekonomik ilişkiler _2etuturkob _9148413 |
|
| 700 | 1 |
_aZeytinoğlu, Yaver _etranslator _9148414 |
|
| 942 |
_2lcc _cBK |
||
| 999 |
_c200464137 _d82349 |
||